En el vórtice de otro huracán: la corrupción /

Enregistré dans:
Détails bibliographiques
Format: Texte
Sujets:
Tags: Ajouter un tag
Pas de tags, Soyez le premier à ajouter un tag!

MARC

LEADER 00000 a a2200000 04500
001 7101
003
040
245 |a En el vórtice de otro huracán:   |b la corrupción /  |c Turner Morales, Jorge  
650 |a PROBLEMAS SOCIALES  
650 |a CORRUPCION  
650 |a POLITICA  
650 |a PROBLEMAS POLITICOS  
773 |g volumen 18, número 204; páginas 3-13  
999 |c 40005  |d 40005